000 00419pab a2200169 454500
008 180718b2002 xxu||||| |||| 00| 0 eng d
100 _aBhattacharya, B.B.
245 _aAre the plan targets realistic?
260 _c2002
300 _ap.5.
362 _a26 Jun
650 _aIndia - Economic conditions
650 _aEconomic reform
700 _aKar, Sabyasachi
773 _aBusiness Standard
909 _a54294
999 _c54294
_d54294